000 01143cad a22002415a 4500
001 L154254
008 111107e20111028xxkd f s 000 0 eng d
035 _a(Sirsi) u154254
041 0 _aeng
110 2 _aRoyal Institution of Chartered Surveyors
_bEconomics
_95033
245 0 0 _aRICS global real estate weekly
_b28 October 2011
_h[electronic resource]
260 _aLondon
_bRICS
_c2011
490 0 _aRICS Global Real Estate Weekly
_v28 October 2011
520 _aAustralian Q3 inflation paves the way for rate cut. Don't be surprised if the ECB does'nt cut rates at the next meeting. US Construction spending picks up. UK economy under the cosh as sentiment in construction turns more gloomy.
590 _aKA
650 2 4 _aRICS GLOBAL REAL ESTATE WEEKLY
651 4 _aInternational
690 _aPROPERTY-COMMERCIAL PROPERTY-COMMERCIAL PROPERTY MARKET
690 _aBUILT ENVIRONMENT-CONSTRUCTION MARKET
690 _aPROPERTY-RESIDENTIAL PROPERTY-RESIDENTIAL PROPERTY MARKET
856 4 0 _uhttps://www.rics.org/site/download_feed.aspx?fileID=10720&fileExtension=PDF
_zView the report free of charge at www.rics.org
942 _n0
999 _c112909
_d112909